=LDR 00000nam 2200000 4500 =247 ##$$a =856 ##$$a =700 #$$a =650 #$$a Pengaduan Masyarakat =650 #$$a Pelayanan Akuntabel =520 #$$a Berikut adalah ringkasan dari laporan proyek perubahan berjudul "Sinergi dan Kolaborasi dalam Interoperabilitas Data Pengaduan Masyarakat di DPR RI Menuju Pelayanan yang Akuntabel": Latar Belakang: DPR RI memiliki fungsi pengawasan yang diimplementasikan melalui penanganan aspirasi dan pengaduan masyarakat. Namun, antara tahun 2020-2023, dari ribuan pengaduan yang masuk, tindak lanjut yang dilakukan masih rendah (di bawah 10%). Permasalahan: Lambatnya tindak lanjut disebabkan oleh kurangnya political will dari Alat Kelengkapan Dewan (AKD), proses analisis yang lambat di Sekretariat Jenderal DPR RI, serta belum adanya sinergi dan interoperabilitas data antara Setjen DPR RI dengan instansi terkait. Inovasi: Proyek perubahan ini memperkenalkan AIRA (Artificial Intelligence for Recommendation and Analytics). AIRA merupakan pemanfaatan kecerdasan buatan untuk membantu analis hukum dalam mengolah, meringkas, dan mencari dasar hukum terkait aduan masyarakat secara cepat dan akurat. Tujuan dan Strategi: Tujuan utama mencakup penyempurnaan peraturan pengelolaan pengaduan masyarakat dan membangun sinergi data melalui kerja sama (MoU) dengan kementerian/lembaga terkait, seperti Ombudsman RI dan Kementerian ATR/BPN. Implementasi dilakukan dalam tiga tahap: jangka pendek (pembentukan tim efektif, peluncuran AIRA, dan penyusunan regulasi), jangka menengah (optimalisasi integrasi data dan sosialisasi), serta jangka panjang (usulan perubahan Tata Tertib DPR RI terkait penanganan aduan). =321 ##$$a =310 ##$$a =300 ##$$a 51 hlm. : $b ill. ; $c 30 cm $e =260 ##$$a Jakarta : $b Pusbangkom Pimnas dan Manajerial ASN. ; $c 2024 =001 $a INLIS000000000020905 =245 ##$$a Sinergi dan Kolaborasi Dalam Interoperabilitas Daya Pengaduan Masyarakat di DPR RI Menuju Pelayanan Yang Akuntabel $b $c Endang Suryastuti =100 #$$a Endang Suryastuti =084 ##$$a R 089 PKN I 2024 =082 ##$$a =035 ##$$a 0010-0526000010 =020 ##$$a =008 $a 260508################g##########0#ind## =005 $a 20260508154925